000 00544nam a2200205Ii 4500
003 JO-AjNU
008 230606s9999||||xx |||||||||||||| ||und||
020 _a0-7506-6687-0
040 _aJO-AjNU
_beng
_erda
_cJO-AjNU
041 _aeng
050 1 4 _aHD31.M29235.2007
245 0 0 _aManagement Extra FINANCIAL MANAGEMENT
250 _a1 ed
264 3 1 _aNEW DELHI:ELSEVIER,2007
300 _a114p
336 _atext
_btxt
_2rdacontent
337 _aunmediated
_bn
_2rdamedia
338 _avolume
_bnc
_2rdacarrier
650 4 _aMANAGEMENT
_91378
999 _aE727
_c727
_d727